000 00845nam a2200277 i 4500
003 CO-BoRNBP
005 20230410150458.0
007 ta
008 200408s9999 XX 000 0 und d
020 _a9587090993
040 _aCO-BoRNBP
_bspa
_erda
_cCO-BoRNBP
041 _aspa
100 1 _aFry, Ron
_91062
245 0 _aCómo desarrollar tu memoria /
_c Ron Fry ; traducción Antonio Maxwell-Hudson
250 _a1a ed.
264 1 _aBogotá :
_b Círculo de Lectores,
_c 2004
300 _a143 páginas
336 _atexto
_btxt
_2rdacontent
337 _asin mediación
_bn
_2rdamedia
338 _avolumen
_bnc
_2rdacarrier
500 _aIncluye índices. Título original: Improve your memory
650 1 7 _aMemoria
_2ARMARC
_91063
650 1 7 _aMnemotecnia
_2ARMARC
_91064
700 _aMaxwell-Hudson, Antonio
_91065
942 _2ddc
_cBK
999 _c9354
_d9354